|
|
|
|
| LEADER |
00000cas a22000004a 4500 |
| 001 |
vtls010266848 |
| 003 |
SK-MaSNL |
| 005 |
20260228161514.0 |
| 008 |
110328d20112012xo br p 0 b0slo c |
| 022 |
|
|
|a 1338-3892
|
| 040 |
|
|
|a SVKBB
|b slo
|c SVKBB
|d SAVUK
|d SNK
|e AACR2
|
| 041 |
0 |
|
|a slo
|
| 044 |
|
|
|a xo
|c SK
|
| 072 |
|
7 |
|a 796
|x Šport. Hry. Telesné cvičenia
|2 konspekt
|
| 072 |
|
7 |
|a 613
|x Hygiena. Ľudské zdravie
|2 konspekt
|
| 080 |
|
|
|a 796.6
|2 2011
|
| 080 |
|
|
|a 613
|2 2011
|
| 080 |
|
|
|a 050
|2 2001
|
| 210 |
0 |
|
|a Cyklo relax
|
| 222 |
|
0 |
|a Cyklo relax
|
| 245 |
0 |
0 |
|a Cyklorelax
|b magazín o zdravom životnom štýle
|
| 246 |
1 |
3 |
|a Relax
|
| 246 |
3 |
3 |
|a Jarný Relax
|f č. 1/2012
|
| 246 |
3 |
3 |
|a Letný Relax
|f č. 2/2012
|
| 260 |
|
|
|a Bratislava
|b Sportmedia
|c 2011-2012
|
| 300 |
|
|
|a 2 zv.
|c 28-30 cm
|
| 310 |
|
|
|a 6x ročne
|
| 362 |
0 |
|
|a Roč. 1, č. 1 (2011)-roč. 2, č. 2 (2012)
|
| 500 |
|
|
|a Od roč. 2/2012 na obálke časopisu uvedený názov: Relax
|
| 500 |
|
|
|a Č. 1/2011 má v tiráži uvedený názov Relax
|
| 500 |
|
|
|a Registračné č.: EV 4302/11
|
| 650 |
0 |
7 |
|a cyklistika
|2 SNKPH
|9 3263
|
| 650 |
0 |
7 |
|a zdravý životný štýl
|2 SNKPH
|9 68571
|
| 650 |
0 |
7 |
|a Cycling
|2 SNKPHeng
|9 268751
|
| 650 |
0 |
7 |
|a Healthy lifestyle
|2 SNKPHeng
|9 268752
|
| 655 |
|
7 |
|a športové časopisy
|2 SNKPH
|9 145628
|
| 785 |
0 |
0 |
|t Relax
|x 1338-7898
|w vtls10470140
|
| 852 |
|
|
|a Štátna vedecká knižnica v Banskej Bystrici
|
| 910 |
|
|
|a savuk
|
| 910 |
|
|
|a snk
|
| 916 |
|
|
|a 2011-2012
|
| 958 |
|
|
|a OND
|
| 999 |
|
|
|c 5595
|d 7525
|
| 952 |
|
|
|0 0
|1 0
|4 0
|7 0
|8 0
|a SNK
|b SNK
|d 2017-09-06
|f 1
|i snk2017/19325
|l 0
|o snkČSB 6501/1/2011
|p 17A0679696
|r 2026-02-21 21:49:11
|t č. 1-2
|w 2026-02-21
|y PREZ
|
| 952 |
|
|
|0 0
|1 0
|4 0
|7 0
|8 0
|a SNK
|b SNK
|d 2017-09-06
|i snk2017/19333
|l 0
|o snkČSB 6501/1/2011 D1
|p 17A0679697
|r 2026-02-21 21:49:11
|t č. 1-2
|w 2026-02-21
|y PREZ
|
| 952 |
|
|
|0 0
|1 0
|4 0
|7 0
|8 0
|a SNK
|b SNK
|d 2017-09-06
|f 1
|i snk2017/19337
|l 0
|o snkČSB 6501/2/2012
|p 17A0679698
|r 2026-02-21 21:49:11
|t č. 1-2
|w 2026-02-21
|y PREZ
|